LEADER 01903nas 2200409 n 450 001 990008897320403321 005 20240229084312.0 011 $a0390-0010 035 $a000889732 035 $aFED01000889732 035 $a(Aleph)000889732FED01 035 $a000889732 091 $2CNR$aP 00091036 100 $a20161109b19702004km-y0itaa50------ba 101 0 $aita 102 $aIT 110 $aauu-------- 200 1 $aAnnali dell'Istituto Sperimentale per la Selvicoltura 207 1$a1970-2004 210 $aArezzo$cIstituto sperimentale per la selvicoltura 326 $aAnnuale 430 0$12001$aPubblicazioni dell'Istituto Sperimentale per la Selvicoltura 440 0$1001000889912$12001$aAnnali. CRA - Centro di ricerca per la selvicoltura 517 0 $aAnnali C.R.A. 530 0 $aAnnali dell'Istituto Sperimentale per la Selvicoltura 675 $a634 712 02$aConsiglio per la ricerca e la sperimentazione in agricoltura$bIstituto sperimentale per la selvicoltura, Arezzo 801 0$aIT$bACNP$c20090723 859 4 $uhttp://acnp.cib.unibo.it/cgi-ser/start/it/cnr/dc-p1.tcl?catno=60584&person=false&language=ITALIANO&libr=&libr_th=unina1$zBiblioteche che possiedono il periodico 901 $aSE 912 $a990008897320403321 958 $aBiblioteca Centralizzata. Facoltà di Agraria dell'Università Federico II di Napoli$b1970-2004.$fFAGBC 959 $aFAGBC 996 $aAnnali dell'Istituto Sperimentale per la Selvicoltura$9801274 997 $aUNINA AP1 8 $6866-01$aNA087 Biblioteca Centralizzata. Facoltà di Agraria dell'Università Federico II di Napoli$ev. Università, 100 Palazzo Reale, 80055 Portici (NA)$m081-2539322$m081-7760229$nit AP2 40$aacnp.cib.unibo.it$nACNP Italian Union Catalogue of Serials$uhttp://acnp.cib.unibo.it/cgi-ser/start/it/cnr/df-p.tcl?catno=60584&language=ITALIANO&libr=&person=&B=1&libr_th=unina&proposto=NO